000 00400cam a2200169ua 4500
001 2790
008 131128n II |||gr||||Z||||||asm
040 _aMAIN
041 _aEnglish
082 _a891.491 CHA
100 _aCHAKRAVARTY, KABIRAJ.
245 _aGEET GOVINDA
260 _aGUWAHATI
_bPUBLICATION BOARD OF ASSAM
_c1986.
300 _a219.:
_c20CM.
653 _aAsomiya Kabita
942 _cBK
999 _c2784
_d2784